书目信息 |
| 题名: |
磁学基础与磁性材料
|
|
| 作者: | 严密 , 彭晓领 编著 | |
| 分册: | ||
| 出版信息: | 杭州 浙江大学出版社 2006.04 |
|
| 页数: | 254页 | |
| 开本: | 26cm | |
| 丛书名: | ||
| 单 册: | ||
| 中图分类: | O441.2 , TM271 | |
| 科图分类: | ||
| 主题词: | 磁性材料--ci xing cai liao--高等学校--教材 , 磁学--ci xue--高等学校--教材 | |
| 电子资源: | ||
| ISBN: | 7-308-04642-7 | |
| 000 | 00951nam0 2200265 450 | |
| 001 | 012006058907 | |
| 005 | 20061206093937.70 | |
| 010 | @a7-308-04642-7@dCNY25.00 | |
| 100 | @a20061103d2006 km y0chiy0120 ea | |
| 101 | 0 | @achi |
| 102 | @aCN@b330000 | |
| 105 | @aa z 000yy | |
| 200 | 1 | @a磁学基础与磁性材料@Aci xue ji chu yu ci xing cai liao@f严密, 彭晓领编著@Fyan mi,peng xiao ling bian zhu |
| 210 | @a杭州@c浙江大学出版社@d2006.04 | |
| 215 | @a254页@c图@d26cm | |
| 300 | @a新世纪高等院校精品教材 | |
| 330 | @a本书分两个部分,第1部分阐述磁学和材料磁性的基础理论和主要概念;第2部分阐述主要门类的磁性材料,包括软磁材料、永磁材料、磁电阴材料、磁致伸缩材料等。 | |
| 606 | 0 | @a磁性材料@Aci xing cai liao@x高等学校@j教材 |
| 606 | 0 | @a磁学@Aci xue@x高等学校@j教材 |
| 690 | @aO441.2@v4 | |
| 690 | @aTM271@v4 | |
| 701 | 0 | @a严密@Ayan mi@4编著 |
| 701 | 0 | @a彭晓领@Apeng xiao ling@4编著 |
| 801 | 0 | @aCN@c20061206 |
| 905 | @a10447@dO441.2@eY057 | |
| 磁学基础与磁性材料/严密, 彭晓领编著.-杭州:浙江大学出版社,2006.04 |
| 254页:图;26cm |
| 新世纪高等院校精品教材 |
| ISBN 7-308-04642-7:CNY25.00 |
| 本书分两个部分,第1部分阐述磁学和材料磁性的基础理论和主要概念;第2部分阐述主要门类的磁性材料,包括软磁材料、永磁材料、磁电阴材料、磁致伸缩材料等。 |
| ● |
| 相关链接 |
|
|
|
正题名:磁学基础与磁性材料
索取号:O441.2/Y057
 
预约/预借
| 序号 | 登录号 | 条形码 | 馆藏地/架位号 | 状态 | 备注 |
| 1 | 225366 | 202253667 | 自科库401/401自科库 58排4列5层/ [索取号:O441.2/Y057] | 在馆 | |
| 2 | 225367 | 202253676 | 自科库401/401自科库 58排4列5层/ [索取号:O441.2/Y057] | 在馆 |